HIPs: step by step (Record no. 75568)
[ view plain ]
| 000 -LEADER | |
|---|---|
| fixed length control field | 01174cab a2200181 4500 |
| 001 - CONTROL NUMBER | |
| control field | L130342 |
| 008 - FIXED-LENGTH DATA ELEMENTS--GENERAL INFORMATION | |
| fixed length control field | 050718n2005 000 0 eng u |
| 035 ## - SYSTEM CONTROL NUMBER | |
| System control number | (Sirsi) u130342 |
| 041 ## - LANGUAGE CODE | |
| Language code of text/sound track or separate title | eng |
| 100 ## - MAIN ENTRY--PERSONAL NAME | |
| Personal name | Creffield, Paul |
| 245 ## - TITLE STATEMENT | |
| Title | HIPs: step by step |
| 260 ## - PUBLICATION, DISTRIBUTION, ETC. | |
| Date of publication, distribution, etc. | 2005 |
| 490 ## - SERIES STATEMENT | |
| Series statement | Estate Agency News |
| Volume/sequential designation | (213) July 2005, 14-15(2) |
| 520 ## - SUMMARY, ETC. | |
| Summary, etc. | Explains what a Home Information Pack (HIP) is likely to contain and looks in particular at the Home Condition Report (HCR). The HCR, which will be similar to the RICS Homebuyer Survey and Valuation service with two fundamental differences: the report will not include a valuation but will contain an energy report on the property based upon the Standard Assessment Procedure and Home Inspectors (HI) will have to have the specific qualification and register under a mandatory scheme. Discusses what needs to be put in place in the run-up to full implementation in January 2007. Sets out Rightmove's nine step procedure for obtaining the information and creating a HIP. |
| 590 ## - LOCAL NOTE (RLIN) | |
| Local note | IKA190705 |
| 690 ## - LOCAL SUBJECT ADDED ENTRY--TOPICAL TERM (OCLC, RLIN) | |
| Topical term or geographic name as entry element | PROPERTY-RESIDENTIAL PROPERTY-ACQUISITION AND DISPOSAL OF RESIDENTIAL PROPERTY-HOME BUYING REFORM |
| 942 ## - ADDED ENTRY ELEMENTS (KOHA) | |
| Suppress in OPAC | 0 |
| Withdrawn status | Lost status | Source of classification or shelving scheme | Damaged status | Not for loan | Home library | Current library | Shelving location | Date acquired | Total Checkouts | Full call number | Barcode | Date last seen | Copy number | Price effective from | Koha item type |
|---|---|---|---|---|---|---|---|---|---|---|---|---|---|---|---|
| Dewey Decimal Classification | London | London | Journal article | 18/07/2005 | L130342 | 130342-1001 | 06/08/2019 | 1 | 06/08/2019 | Journal article |